| 000 | 01103nam a22002417a 4500 | ||
|---|---|---|---|
| 003 | DO-SdBNP | ||
| 005 | 20220705135215.0 | ||
| 007 | ta | ||
| 008 | 220705b1993 |||||||| |||| 001 0 spa d | ||
| 040 |
_aDO-SdBNP _bspa _cBNPHU |
||
| 082 | 4 |
_222 _a264.2 _bC229c |
|
| 111 |
_aConferencia Dominicana de Religiosos (CONDOR) _cSanto Domingo ) _d(25 de marzo 1993 : _jFestividad de la anunciación de la Virgen María _981935 |
||
| 245 | 1 | 0 |
_aCantemos nuestra fe : _bcantos para la celebración litúrgica y la vida cristiana / _cPresentación de Jesús María de Jesús Moya, Obispo de San Francisco de Macorís ; ilustración de Angel Suárez |
| 260 |
_aSanto Domingo : _bCONDOR; _c1993. |
||
| 300 |
_a209 p. : _bil.; _c22 cm |
||
| 590 | _aInventariado, 2022 / SA | ||
| 650 | 4 | 0 |
_910989 _aEucaristía Liturgia _zRepública Dominicana |
| 650 | 4 | 0 |
_aCancionero _xliturgico _zRepública Dominicana _981940 |
| 650 | 4 | 0 |
_910989 _aEucaristía _xCulto Público _zRepública Dominicana |
| 700 | 1 |
_aJesús Moya, Jesús María de _epresentación _981937 |
|
| 700 | 1 |
_aSuarez, Angel _eilustración _981938 |
|
| 942 |
_2ddc _cLBS1 |
||
| 999 |
_c52141 _d52141 |
||